Miasta położone najbliżej Lublina - Statystyki

Ogólne statystyki
  • Ten quiz został rozwiązany 365 razy
  • Średni wynik to 7 z 15
Statystyki odpowiedzi
Pierwsza litera Odległość Miasto Liczba ludności % Poprawnych
Ś 0 km Świdnik 39 913
99%
Ł 12,9 km Łęczna 18 812
66%
L 15,4 km Lubartów 22 138
63%
K 27,1 km Kraśnik 34 821
55%
B 11,1 km Bełżyce 6629
54%
N 16,0 km Nałęczów 3750
53%
B 11,9 km Bychawa 4976
48%
P 33,5 km Puławy 48 114
46%
O 32,8 km Opole Lubelskie 8065
40%
P 14,9 km Piaski 2598
33%
P 24,5 km Poniatowa 9610
33%
U 29,3 km Urzędów 34 821
22%
K 27,5 km Kazimierz Dolny 2607
20%
O 25,7 km Ostrów Lubelski 2095
19%
S 35,5 km Siedliszcze 1418
7%
Nie znaleziono quizów pasujących do podanych kryteriów
Rozkład punktacji
Procent ludzi z każdym wynikiem
Percentyl według liczby udzielonych odpowiedzi
Twoja historia wyników
Nie rozwiązałeś tego quizu